00576nam a2200205Ia 4500001001000000003000500010008004100015010001100056040000900067082001900076100001400095245005800109260005600167300001600223440001700239500004000256650001600296650004300312650001500355Para_3310CHAP220125s1910 xx 000 0 und d a199599 cCHAP aPA-C 595.77 D5 aGarman, H aAn outbreak of gadflies in Kentuchy /c by H. Garman aLexington , Ky :b Agricultural Experiment Station app. 181-192 aDíptera; 6 aEncuadernado con impresos similares aDípteros  aInsectos como transmisores de contagio aTabanidae